[Event "11e tournoi d'automne - tournoi C"]
[Site "Montigny le Bretonneux"]
[Date "2012.11.04"]
[Round "9.1"]
[White "Urtado, Olivier"]
[Black "Mongey, Alain"]
[Result "0-1"]
[WhiteElo "1626"]
[BlackElo "1652"]
[PlyCount "102"]
[EventDate "2012.10.??"]
[EventType "tourn"]
[EventRounds "9"]
[EventCountry "FRA"]
[SourceDate "2005.09.12"]

{Défense française, variante d'avance} 1. e4 e6 2. d4 d5 3. e5 c5 4. Nf3 Nc6 5.
Bd3 cxd4 6. O-O Qc7 7. Re1 Bc5 8. a3 a6 9. Bf4 Nge7 10. Bg3 Ng6 11. h4 b5 12.
h5 Nge7 13. b4 Bb6 14. h6 g6 15. Qd2 Nf5 16. Bxf5 gxf5 17. Qg5 Ne7 18. Qf6 Ng6
19. Qg7 Kd7 20. Qxf7+ Kc6 21. Qxc7+ Bxc7 22. Nxd4+ Kd7 23. f4 Bb6 24. c3 Bb7
25. Nd2 Rhc8 26. Rac1 Rc7 27. Kh2 Rac8 28. N4b3 Rxc3 29. Kh3 Nxf4+ 30. Kh2 Ng6
31. Rf1 Rxc1 32. Rxc1 Rxc1 33. Nxc1 Be3 34. Ncb3 Bxh6 35. Nc5+ Kc8 36. Ndb3 f4
37. Bf2 Nxe5 38. Na5 Ba8 39. Nxa6 Nc4 40. Nxc4 dxc4 41. Bd4 Bf8 42. Nc5 Bxc5
43. bxc5 Kd7 44. Kh3 Kc6 45. Kg4 Kd5 46. Bf2 Ke4 47. Kg5 c3 48. Be1 c2 49. Bd2
e5 50. Kf6 Kd3 51. Bc1 e4 0-1

[Event "11e tournoi d'automne - tournoi C"]
[Site "Montigny le Bretonneux"]
[Date "2012.11.04"]
[Round "9.4"]
[White "Bouloc, Roger"]
[Black "Franiatte, Sylvain"]
[Result "1-0"]
[WhiteElo "1450"]
[BlackElo "1447"]
[PlyCount "65"]
[EventDate "2012.10.??"]
[EventType "tourn"]
[EventRounds "9"]
[EventCountry "FRA"]
[SourceDate "2005.09.12"]

{Partie viennoise} 1. e4 e5 2. f4 Nc6 3. Nc3 Bc5 4. Nf3 Nf6 5. fxe5 Ng4 6. d4
Bb6 7. Bc4 O-O 8. Nd5 d6 9. Nxb6 axb6 10. Bf4 Re8 11. O-O dxe5 12. dxe5 Bd7 13.
h3 Ncxe5 14. Nxe5 Nxe5 15. Bxe5 Rxe5 16. Rxf7 Be6 17. Bxe6 Rxe6 18. Qxd8+ Rxd8
19. Rxc7 Rxe4 20. Rxb7 Red4 21. Rxb6 Rd1+ 22. Rxd1 Rxd1+ 23. Kh2 Rd2 24. Rc6
Kf7 25. b4 Rd5 26. a4 Ke7 27. c4 Rd3 28. a5 Ra3 29. a6 Kd7 30. b5 Ra5 31. Rb6
Kc7 32. c5 g5 33. Rb7+ 1-0

[Event "11e tournoi d'automne - tournoi C"]
[Site "Montigny le Bretonneux"]
[Date "2012.11.04"]
[Round "9.3"]
[White "Rousseau, Matthieu"]
[Black "Engel, Gerard"]
[Result "0-1"]
[WhiteElo "1620"]
[BlackElo "1684"]
[PlyCount "106"]
[EventDate "2012.10.??"]
[EventType "tourn"]
[EventRounds "9"]
[EventCountry "FRA"]
[SourceDate "2005.09.12"]

{Gambit dame accepté} 1. d4 d5 2. c4 dxc4 3. e4 e5 4. d5 Nf6 5. Bg5 Be7 6. Nc3
O-O 7. Bxc4 a6 8. a3 c6 9. Nf3 cxd5 10. Bxf6 Bxf6 11. Nxd5 Nc6 12. Nxf6+ Qxf6
13. O-O Bg4 14. Be2 Rfd8 15. Qc2 Bxf3 16. Bxf3 Nd4 17. Qc3 Rac8 18. Qa5 Nxf3+
19. gxf3 Qxf3 20. Qxe5 Re8 21. Qf5 Qxe4 22. Qxe4 Rxe4 23. Rac1 Rce8 24. Rc7
R4e7 25. Rfc1 g6 26. Kf1 Kg7 27. a4 h5 28. b3 g5 29. R1c5 Kg6 30. a5 h4 31. Kg2
f5 32. Rc4 g4 33. h3 gxh3+ 34. Kxh3 Kg5 35. Rxe7 Rxe7 36. f4+ Kh5 37. Rc3 Re4
38. Rf3 Rb4 39. Kg2 Kg4 40. Rh3 Rxf4 41. Rd3 Rb4 42. Rc3 f4 43. Rd3 Rb5 44. Rc3
Rxa5 45. b4 Rb5 46. Rc4 a5 47. bxa5 Rxa5 48. Rc3 Ra2+ 49. Kh1 f3 50. Rc1 Kh3
51. Rf1 f2 52. Rb1 Ra3 53. Rf1 Rf3 0-1

[Event "11e tournoi d'automne - tournoi C"]
[Site "Montigny le Bretonneux"]
[Date "2012.11.04"]
[Round "9.2"]
[White "Krestinine, Michka"]
[Black "Krestinine, Nikita"]
[Result "0-1"]
[WhiteElo "1505"]
[BlackElo "1403"]
[PlyCount "120"]
[EventDate "2012.10.??"]
[EventType "tourn"]
[EventRounds "9"]
[EventCountry "FRA"]
[SourceDate "2005.09.12"]

{Gambit dame, défense orthodoxe} 1. d4 Nf6 2. c4 e6 3. Nc3 d5 4. Bg5 Be7 5. e3
O-O 6. Bd3 a6 7. Nf3 dxc4 8. Bxc4 b5 9. Bd3 Bb7 10. O-O Nbd7 11. e4 c5 12. e5
Nd5 13. Bxe7 Qxe7 14. Nxd5 Bxd5 15. Be2 c4 16. a3 Nb6 17. Ne1 Rfd8 18. Nc2 Bb7
19. Bf3 Bxf3 20. Qxf3 Nd5 21. Ne3 Rac8 22. Nxd5 Rxd5 23. Qe3 Rcd8 24. Rad1 Qd7
25. f4 Rxd4 26. Rxd4 Qxd4 27. Qxd4 Rxd4 28. g3 Rd2 29. Rf2 Rd3 30. Rc2 Kf8 31.
Kf2 Ke7 32. Ke2 Kd7 33. Rd2 Rxd2+ 34. Kxd2 Kc6 35. Kc3 Kc5 36. g4 f6 37. exf6
gxf6 38. h4 e5 39. fxe5 fxe5 40. h5 Kd5 41. g5 Ke6 42. Kd2 Kf5 43. g6 hxg6 44.
hxg6 Kxg6 45. Ke3 Kf5 46. Kf3 e4+ 47. Ke3 Ke5 48. Kd2 Kd4 49. Ke2 e3 50. b3
cxb3 51. a4 b2 52. a5 Kc3 53. Kxe3 b1=Q 54. Ke2 Qd3+ 55. Kf2 Kd4 56. Kg2 Ke4
57. Kf2 Qf3+ 58. Kg1 Qe2 59. Kh1 Kf3 60. Kg1 Qg2# 0-1

[Event "XIX C.to Italiano a squadre A"]
[Site "Ravenna "]
[Date "1982.04.??"]
[Round "?"]
[White "Bruno, Fabio"]
[Black "Iannaccone, Ernesto"]
[Result "0-1"]
[WhiteElo "2230"]
[BlackElo "2320"]
[PlyCount "76"]
[EventDate "1982.04.??"]
[EventType "schev"]
[EventRounds "6"]
[EventCountry "ITA"]
[SourceDate "2005.09.12"]

1. d4 Nf6 2. Nf3 e6 3. c4 Bb4+ 4. Bd2 a5 5. Nc3 b6 6. g3 Bb7 7. Bg2 O-O 8. O-O
d6 9. Qc2 Nbd7 10. Rae1 Bxc3 11. Bxc3 Be4 12. Qc1 c5 13. Rd1 Qc7 14. b3 d5 15.
dxc5 bxc5 16. Bxf6 Nxf6 17. cxd5 exd5 18. Ne1 Bxg2 19. Nxg2 Qb6 20. Qc2 Rfd8
21. Nf4 a4 22. Rc1 axb3 23. axb3 Rac8 24. Rfd1 h6 25. Qd3 d4 26. Rd2 Re8 27.
Rdc2 Ne4 28. Qc4 Rb8 29. f3 Nc3 30. Nd5 Nxd5 31. Qxd5 d3 32. exd3 c4+ 33. Kg2
cxb3 34. Rb2 Rbd8 35. Rc6 Qe3 36. Rd6 Rxd6 37. Qxd6 Qc1 38. Qa3 Re2+ 0-1

[Event "XIX C.to Italiano a squadre A"]
[Site "Ravenna "]
[Date "1982.04.??"]
[Round "?"]
[White "Iannaccone, Ernesto"]
[Black "Messa, Roberto"]
[Result "1-0"]
[WhiteElo "2320"]
[BlackElo "2350"]
[PlyCount "93"]
[EventDate "1982.04.??"]
[EventType "schev"]
[EventRounds "6"]
[EventCountry "ITA"]
[SourceDate "2005.09.12"]

1. d4 Nf6 2. c4 g6 3. Nc3 Bg7 4. e4 d6 5. f3 O-O 6. Bg5 c5 7. d5 e6 8. Qd2 exd5
9. cxd5 Re8 10. Nge2 a6 11. a4 Qa5 12. Ra3 Nbd7 13. Nc1 Ne5 14. Be2 Qc7 15. O-O
b6 16. N1a2 Rb8 17. Rc1 h5 18. Kh1 Kh7 19. b4 Ned7 20. Nd1 Bb7 21. Nf2 Rec8 22.
Nd3 Ne8 23. h3 Ba8 24. Bf4 Qa7 25. Be3 Rc7 26. a5 Rbc8 27. axb6 Qxb6 28. Nb2
Bxb2 29. Qxb2 Bb7 30. Rb3 Qa7 31. Nc3 Qa8 32. b5 c4 33. Ra3 Ne5 34. Rca1 Rb8
35. Qc2 Bc8 36. bxa6 Bd7 37. f4 Nd3 38. Bxd3 cxd3 39. Qxd3 Rbc8 40. a7 Rc4 41.
Bd4 R4c7 42. Rb3 Rb7 43. Rab1 Rcc7 44. Qa6 Rxb3 45. Rxb3 Rc8 46. Kh2 Nc7 47.
Qxd6 1-0

[Event "XIX C.to Italiano a squadre A"]
[Site "Ravenna "]
[Date "1982.04.??"]
[Round "?"]
[White "Mariotti, Sergio"]
[Black "Toth, Bela"]
[Result "1-0"]
[WhiteElo "2455"]
[BlackElo "2405"]
[PlyCount "59"]
[EventDate "1982.04.??"]
[EventType "schev"]
[EventRounds "6"]
[EventCountry "ITA"]
[SourceDate "2005.09.12"]

1. e4 c5 2. Nf3 d6 3. d4 cxd4 4. Nxd4 Nf6 5. f3 e5 6. Bb5+ Nbd7 7. Nf5 Qb6 8.
Nc3 a6 9. Be3 Qc7 10. Bxd7+ Bxd7 11. Bg5 Bxf5 12. exf5 Be7 13. Qd3 O-O 14.
O-O-O Rac8 15. Bxf6 Bxf6 16. Nd5 Bg5+ 17. Kb1 Qc4 18. h4 Qxd3 19. Rxd3 Bd8 20.
Nc3 Be7 21. Ne4 Rc6 22. g4 f6 23. h5 h6 24. Rhd1 Rd8 25. c3 Kf7 26. a4 Ke8 27.
b4 Rd7 28. Kc2 Rc4 29. Kb3 Rdc7 30. Rxd6 {...} 1-0

[Event "XIX C.to Italiano a squadre A"]
[Site "Ravenna "]
[Date "1982.04.??"]
[Round "?"]
[White "Martorelli, Antonio"]
[Black "Arlandi, Ennio"]
[Result "0-1"]
[WhiteElo "2270"]
[BlackElo "2300"]
[PlyCount "62"]
[EventDate "1982.04.??"]
[EventType "schev"]
[EventRounds "6"]
[EventCountry "ITA"]
[SourceDate "2005.09.12"]

1. d4 Nf6 2. c4 c5 3. d5 e6 4. Nc3 exd5 5. cxd5 d6 6. e4 g6 7. f3 Bg7 8. Bg5
O-O 9. Qd2 Re8 10. Nge2 a6 11. a4 Nbd7 12. Ng3 Qc7 13. Be2 c4 14. O-O Rb8 15.
Kh1 b5 16. Bh6 Bh8 17. Nf5 Nc5 18. Nd4 Bd7 19. axb5 Bxb5 20. Ncxb5 axb5 21. b4
cxb3 22. Nxb5 Qd8 23. Bf4 Nfxe4 24. fxe4 Nxe4 25. Qa5 b2 26. Qxd8 bxa1=Q 27.
Qd7 Qf6 28. Be3 Qe7 29. Qc6 Nf2+ 30. Bxf2 Qxe2 31. Kg1 Qxb5 0-1

[Event "XIX C.to Italiano a squadre A"]
[Site "Ravenna "]
[Date "1982.04.??"]
[Round "?"]
[White "Messa, Roberto"]
[Black "Mariotti, Sergio"]
[Result "1-0"]
[WhiteElo "2350"]
[BlackElo "2455"]
[PlyCount "88"]
[EventDate "1982.04.??"]
[EventType "schev"]
[EventRounds "6"]
[EventCountry "ITA"]
[SourceDate "2005.09.12"]

1. e4 e5 2. Nf3 Nc6 3. d4 exd4 4. Nxd4 Nf6 5. Nxc6 bxc6 6. e5 Nd5 7. Bd3 Be7 8.
Qg4 g6 9. Bh6 Nb4 10. O-O d5 11. Qe2 c5 12. Nc3 c6 13. Rfe1 Be6 14. b3 Qa5 15.
Qd2 Nxd3 16. cxd3 g5 17. Bg7 Rg8 18. Bf6 Bxf6 19. exf6 Rg6 20. Qc2 Kf8 21. Na4
c4 22. d4 Kg8 23. Nc5 Rxf6 24. bxc4 Bf5 25. Qc1 h6 26. Re5 Qb4 27. h4 Qxc4 28.
Qe3 gxh4 29. Qf4 Kg7 30. Rxf5 Rxf5 31. Qxf5 Qxd4 32. Rc1 Re8 33. Nd3 Qe4 34.
Qxe4 dxe4 35. Nb4 e3 36. fxe3 Rxe3 37. Nxc6 Ra3 38. Rc2 Kf6 39. Rf2+ Kg5 40.
Kh2 f6 41. Nd4 Ra4 42. Ne6+ Kg4 43. Nc5 Ra5 44. Nd7 f5 1-0

[Event "XIX C.to Italiano a squadre A"]
[Site "Ravenna "]
[Date "1982.04.??"]
[Round "?"]
[White "Sibilio, Mario"]
[Black "Mariotti, Sergio"]
[Result "1/2-1/2"]
[WhiteElo "2305"]
[BlackElo "2455"]
[PlyCount "54"]
[EventDate "1982.04.??"]
[EventType "schev"]
[EventRounds "6"]
[EventCountry "ITA"]
[SourceDate "2005.09.12"]

1. e4 e6 2. Nf3 d5 3. e5 c5 4. b4 cxb4 5. d4 Nh6 6. a3 bxa3 7. c3 Nf5 8. Nxa3
Nc6 9. Nb5 a6 10. g4 Bd7 11. Bg5 Be7 12. gxf5 axb5 13. fxe6 fxe6 14. Rxa8 Qxa8
15. Rg1 Qa3 16. Bxb5 Bxg5 17. Rxg5 Qxc3+ 18. Kf1 O-O 19. Bxc6 Bxc6 20. Kg2 Ba4
21. Qe2 Bc2 22. Ne1 Be4+ 23. f3 Rxf3 24. Nxf3 Bxf3+ 25. Qxf3 Qd2+ 26. Kh3 Qxg5
27. Qf8+ Kxf8 1/2-1/2

[Event "XIX C.to Italiano a squadre A"]
[Site "Ravenna "]
[Date "1982.04.??"]
[Round "?"]
[White "Tatai, Stefano"]
[Black "Martorelli, Antonio"]
[Result "1/2-1/2"]
[WhiteElo "2440"]
[BlackElo "2270"]
[PlyCount "101"]
[EventDate "1982.04.??"]
[EventType "schev"]
[EventRounds "6"]
[EventCountry "ITA"]
[SourceDate "2005.09.12"]

1. e4 c5 2. Nf3 e6 3. d4 cxd4 4. Nxd4 a6 5. Nc3 Qc7 6. g3 Nf6 7. Bg2 Be7 8. O-O
O-O 9. Re1 d6 10. a4 Nc6 11. Be3 Nb4 12. f4 d5 13. e5 Nd7 14. Qe2 Nb6 15. Nd1
Nc4 16. Bf2 Bd7 17. c3 Nc6 18. Nf3 b5 19. b3 N4a5 20. b4 Nc4 21. a5 Nxb4 22.
cxb4 Bxb4 23. Rf1 Bxa5 24. Ne3 Bc3 25. Rac1 b4 26. Nd1 Nb6 27. Nxc3 bxc3 28.
Qc2 Rfc8 29. Ra1 Rab8 30. Rfc1 Na4 31. Qd3 Rb2 32. Qd4 Qa5 33. Bf1 Bb5 34. Be3
Rb4 35. Qd1 Bxf1 36. Qxf1 Rcc4 37. Qf2 Rb2 38. Rc2 Qb4 39. Rac1 g6 40. Bd4 Rxc2
41. Rxc2 a5 42. Qe3 Qb1+ 43. Qc1 Qb3 44. Kf2 Nb2 45. Ke3 a4 46. Bxc3 a3 47. Nd2
Qb6+ 48. Ke2 Qb5 49. Nxc4 Qxc4+ 50. Kf3 Qe4+ 51. Kg4 1/2-1/2

[Event "XIX C.to Italiano a squadre A"]
[Site "Ravenna "]
[Date "1982.04.??"]
[Round "?"]
[White "Toth, Bela"]
[Black "Iannaccone, Ernesto"]
[Result "1-0"]
[WhiteElo "2405"]
[BlackElo "2320"]
[PlyCount "67"]
[EventDate "1982.04.??"]
[EventType "schev"]
[EventRounds "6"]
[EventCountry "ITA"]
[SourceDate "2005.09.12"]

1. d4 Nf6 2. c4 e6 3. Nc3 Bb4 4. e3 O-O 5. a3 Bxc3+ 6. bxc3 c5 7. Ne2 Nc6 8.
Ng3 b6 9. e4 Ne8 10. d5 Na5 11. Bd3 Ba6 12. Qe2 Qh4 13. O-O Nd6 14. e5 Ndxc4
15. Ne4 f5 16. exf6 gxf6 17. dxe6 dxe6 18. Nxc5 Bb5 19. g3 Qh3 20. Qxe6+ Qxe6
21. Nxe6 Rf7 22. Nd4 Ba6 23. Bh6 Re8 24. Rfe1 Rfe7 25. Rxe7 Rxe7 26. f3 Bb7 27.
Kf2 Ne5 28. Be2 Rd7 29. Rd1 Rd5 30. Bc1 Nf7 31. f4 Rc5 32. Nb5 Ba6 33. a4 Bb7
34. Be3 1-0

[Event "V Festival Conca della Presolana"]
[Site "Bratto - Castione della Preso"]
[Date "1983.??.??"]
[Round "?"]
[White "Passerotti, Pierluigi"]
[Black "Rigo, Janos"]
[Result "1-0"]
[WhiteElo "2325"]
[BlackElo "2340"]
[PlyCount "73"]
[EventDate "1983.??.??"]
[EventType "swiss"]
[EventRounds "3"]
[EventCountry "ITA"]
[SourceDate "2005.09.12"]

1. e4 c5 2. c3 b6 3. d4 cxd4 4. cxd4 e6 5. Nf3 Bb7 6. Bd3 Nf6 7. Qe2 Bb4+ 8.
Bd2 Nc6 9. a3 Bxd2+ 10. Nbxd2 d5 11. e5 Nd7 12. O-O a6 13. b4 O-O 14. Rfe1 Qe7
15. Nb3 b5 16. Nc5 Nb6 17. Bc2 h6 18. Qd3 g6 19. h4 Kg7 20. h5 Rg8 21. g3 Nc4
22. Nh4 Bc8 23. hxg6 Kh8 24. gxf7 Qxf7 25. Kg2 a5 26. Rh1 axb4 27. Nf3 h5 28.
a4 bxa4 29. Bxa4 Ne7 30. Be8 Qxe8 31. Rxa8 Nf5 32. Nh4 Nh6 33. Ng6+ Rxg6 34.
Rxc8 Rxg3+ 35. Qxg3 Qxc8 36. Rxh5 Kh7 37. Qg5 1-0

[Event "V Festival Conca della Presolana"]
[Site "Bratto - Castione della Preso"]
[Date "1983.??.??"]
[Round "?"]
[White "Rigo, Janos"]
[Black "Eslon, Jaan"]
[Result "1-0"]
[WhiteElo "2340"]
[BlackElo "2430"]
[PlyCount "57"]
[EventDate "1983.??.??"]
[EventType "swiss"]
[EventRounds "3"]
[EventCountry "ITA"]
[SourceDate "2005.09.12"]

1. e4 e5 2. Nf3 Nc6 3. Nc3 Nf6 4. d4 exd4 5. Nxd4 Bb4 6. Nxc6 bxc6 7. Bd3 d5 8.
exd5 cxd5 9. O-O O-O 10. Bg5 Be6 11. Ne2 h6 12. Bh4 Bd6 13. Nd4 c5 14. Nxe6
fxe6 15. Qe2 Qe8 16. c4 Qf7 17. Rae1 Rae8 18. Bxf6 Qxf6 19. cxd5 exd5 20. Qxe8
Rxe8 21. Rxe8+ Kf7 22. Rfe1 c4 23. Bh7 Bf8 24. R8e3 Bd6 25. Rf3 Bf4 26. g3 g5
27. gxf4 gxf4 28. Bc2 d4 29. Re4 1-0

[Event "V Festival Conca della Presolana"]
[Site "Bratto - Castione della Preso"]
[Date "1983.??.??"]
[Round "?"]
[White "Toth, Bela"]
[Black "De Eccher, Stefano"]
[Result "1-0"]
[WhiteElo "2400"]
[BlackElo "2325"]
[PlyCount "57"]
[EventDate "1983.??.??"]
[EventType "swiss"]
[EventRounds "3"]
[EventCountry "ITA"]
[SourceDate "2005.09.12"]

1. d4 Nf6 2. c4 e6 3. Nc3 Bb4 4. Qc2 O-O 5. Nf3 c5 6. dxc5 Na6 7. Bd2 Nxc5 8.
a3 Bxc3 9. Bxc3 Nce4 10. Bxf6 Nxf6 11. e4 d6 12. Bd3 Qc7 13. O-O b6 14. Rfe1 e5
15. Nd2 Be6 16. Nf1 Nd7 17. Ne3 Nb8 18. Qa4 Qc6 19. Bc2 Qc7 20. Rac1 Rd8 21.
Red1 Kf8 22. Bd3 Nc6 23. Nd5 Qd7 24. c5 bxc5 25. Bb5 Rdc8 26. b4 Rab8 27. bxc5
a6 28. Qxa6 Qa7 29. cxd6 1-0

[Event "V Festival Conca della Presolana"]
[Site "Bratto - Castione della Preso"]
[Date "1983.??.??"]
[Round "?"]
[White "Wagman, Stuart"]
[Black "Tatai, Stefano"]
[Result "0-1"]
[WhiteElo "2260"]
[BlackElo "2440"]
[PlyCount "72"]
[EventDate "1983.??.??"]
[EventType "swiss"]
[EventRounds "3"]
[EventCountry "ITA"]
[SourceDate "2005.09.12"]

1. e4 c5 2. Nf3 d6 3. d4 cxd4 4. Nxd4 Nf6 5. Nc3 a6 6. Bc4 e6 7. Bb3 Be7 8. f4
Nc6 9. f5 Nxd4 10. Qxd4 exf5 11. O-O fxe4 12. Nd5 Nxd5 13. Qxd5 Be6 14. Qxb7
O-O 15. Be3 Bf6 16. Bxe6 fxe6 17. Qxe4 Bxb2 18. Qxe6+ Kh8 19. Rxf8+ Qxf8 20.
Rd1 Be5 21. Bd4 Re8 22. Qd5 h6 23. Bxe5 Rxe5 24. Qd3 a5 25. h3 Qf4 26. Rf1 Qe3+
27. Qxe3 Rxe3 28. Rd1 Rc3 29. Rd5 a4 30. Ra5 a3 31. Kf1 Kh7 32. Ke1 Rxc2 33.
Rxa3 Rxg2 34. Rd3 Rxa2 35. Rxd6 Ra3 36. h4 Ra4 0-1

[Event "XXV Festival A"]
[Site "Imperia"]
[Date "1983.09.??"]
[Round "?"]
[White "Albano, Marco"]
[Black "Campos Moreno, Javier B"]
[Result "0-1"]
[WhiteElo "2205"]
[BlackElo "2380"]
[PlyCount "138"]
[EventDate "1983.09.03"]
[EventType "swiss"]
[EventCountry "ITA"]
[SourceDate "2005.09.12"]

1. e4 c5 2. g3 g6 3. Bg2 Bg7 4. Ne2 Nc6 5. O-O d6 6. d3 e6 7. Nbc3 Nge7 8. Bg5
b6 9. Qd2 h6 10. Be3 Ba6 11. f4 Rc8 12. Rf2 Qd7 13. f5 gxf5 14. Nf4 h5 15. Qd1
h4 16. gxh4 Kd8 17. Nh5 Be5 18. exf5 exf5 19. Bg5 Kc7 20. Nf6 Bxf6 21. Bxf6 Rh6
22. Bg5 Rg6 23. Kh1 Nd4 24. Bf4 Ne6 25. Bg3 Rcg8 26. h5 Rg4 27. h6 Rh8 28. Qf3
Rg6 29. a4 Rhxh6 30. Nb5+ Bxb5 31. axb5 Nc8 32. Qb7+ Kd8 33. Qxd7+ Kxd7 34. Kg1
Nd4 35. c3 Nxb5 36. Rxf5 Rf6 37. Rxf6 Rxf6 38. Bh3+ Kc7 39. Bg4 Rh6 40. Re1 Kd8
41. Rf1 f6 42. Rxf6 Rxf6 43. Bh4 Ke7 44. Bxc8 a5 45. Bd7 Nc7 46. Bxf6+ Kxf6 47.
Kf2 Ke5 48. Ke3 Nd5+ 49. Kf3 Nf6 50. Bc6 d5 51. h4 d4 52. c4 Kf5 53. Be4+ Ke5
54. Bg6 Ng8 55. h5 Nh6 56. b3 Ng8 57. Kg4 Kf6 58. Kf4 Nh6 59. Ke4 Ke6 60. Bh7
Ke7 61. Ke5 Nf7+ 62. Kf5 Kf8 63. Kf6 Nd6 64. Ke6 b5 65. Kxd6 a4 66. cxb5 axb3
67. b6 b2 68. b7 b1=Q 69. Kc7 c4 0-1

[Event "XXV Festival A"]
[Site "Imperia"]
[Date "1983.09.??"]
[Round "?"]
[White "Bruno, Fabio"]
[Black "Albano, Marco"]
[Result "1-0"]
[WhiteElo "2325"]
[BlackElo "2205"]
[PlyCount "129"]
[EventDate "1983.09.03"]
[EventType "swiss"]
[EventCountry "ITA"]
[SourceDate "2005.09.12"]

1. d4 Nf6 2. Nf3 e6 3. Bf4 b6 4. e3 Bb7 5. Nbd2 Be7 6. Bd3 Nh5 7. Bg3 d6 8. c3
Nd7 9. Qe2 h6 10. O-O Nxg3 11. hxg3 h5 12. e4 h4 13. gxh4 Bxh4 14. e5 Be7 15.
Nc4 g5 16. Ne3 Bxf3 17. Qxf3 dxe5 18. Bb5 exd4 19. Bxd7+ Kxd7 20. Rfd1 Bd6 21.
Rxd4 Ke7 22. Rad1 Qg8 23. Ng4 Qh7 24. Kf1 Rad8 25. Qf6+ Ke8 26. Qxg5 Qg6 27.
Qxg6 fxg6 28. Ke2 Ke7 29. Ra4 a5 30. Rad4 Rh5 31. a4 Rf8 32. f3 Rf4 33. Rxf4
Bxf4 34. Kd3 Rd5+ 35. Kc2 c6 36. b3 b5 37. Rd3 bxa4 38. bxa4 c5 39. Rxd5 exd5
40. c4 Ke6 41. Kd3 Bg5 42. g3 Bc1 43. cxd5+ Kxd5 44. Nf6+ Ke6 45. Ne4 Kd5 46.
Nc3+ Kc6 47. Kc4 Bd2 48. Nd5 Kd6 49. Nf6 Kc6 50. Ne4 Be1 51. g4 Bb4 52. f4 Ba3
53. f5 gxf5 54. gxf5 Bb4 55. f6 Kd7 56. Ng5 Be1 57. Kd5 c4 58. Nf3 Bb4 59. Kxc4
Ke8 60. Kd5 Kf7 61. Ng5+ Kg6 62. Ke6 Be1 63. Nh3 Bb4 64. Nf4+ Kh6 65. Kf7 1-0

[Event "XXV Festival A"]
[Site "Imperia"]
[Date "1983.09.??"]
[Round "?"]
[White "Campos Moreno, Javier B"]
[Black "Hort, Vlastimil"]
[Result "1-0"]
[WhiteElo "2380"]
[BlackElo "2595"]
[PlyCount "155"]
[EventDate "1983.09.03"]
[EventType "swiss"]
[EventCountry "ITA"]
[SourceDate "2005.09.12"]

1. d4 Nf6 2. c4 g6 3. Nc3 Bg7 4. e4 d6 5. f3 O-O 6. Bg5 c5 7. d5 e6 8. Qd2 exd5
9. Nxd5 Be6 10. Ne2 Bxd5 11. cxd5 h6 12. Be3 Nbd7 13. Nc3 a6 14. a4 Kh7 15. Be2
Ng8 16. O-O Ne7 17. Rfe1 f5 18. Bf2 f4 19. a5 g5 20. Na4 Ng6 21. Rab1 Rc8 22.
b4 c4 23. Rec1 Nge5 24. b5 g4 25. bxa6 bxa6 26. Nb6 c3 27. Qd1 gxf3 28. gxf3
Rc7 29. Rb3 Rg8 30. Kh1 Bh8 31. Qf1 c2 32. Qh3 Qg5 33. Nxd7 Nxd7 34. Bd3 Be5
35. Rxc2 Nc5 36. Rb1 Rgg7 37. Be2 Qg6 38. Rcc1 Rb7 39. Rxb7 Rxb7 40. Rg1 Qf6
41. Qg4 Rg7 42. Qxg7+ Qxg7 43. Rxg7+ Kxg7 44. Be1 Kg6 45. Kg2 h5 46. Bc4 Kg5
47. Kf1 Bd4 48. Bd2 Be5 49. Ke1 Kf6 50. Kd1 Ke7 51. Kc2 Kd8 52. Bb4 Bd4 53. Bc3
Bg1 54. h3 Be3 55. e5 dxe5 56. Bxe5 Kc8 57. Bd3 Kd8 58. Bg6 h4 59. Bf6+ Kd7 60.
Bxh4 Kd6 61. Bf7 Nd7 62. Be1 Ne5 63. Bb4+ Bc5 64. Bxc5+ Kxc5 65. Be6 Nxf3 66.
Kd3 Ne5+ 67. Ke4 f3 68. h4 f2 69. Bh3 Nd7 70. Bf1 Nf6+ 71. Ke5 Nxd5 72. Bxa6
Ne3 73. Be2 f1=Q 74. Bxf1 Nxf1 75. Kf4 Nd2 76. h5 Nc4 77. h6 Kd6 78. a6 1-0

[Event "XXV Festival A"]
[Site "Imperia"]
[Date "1983.09.??"]
[Round "?"]
[White "Hort, Vlastimil"]
[Black "Albano, Marco"]
[Result "1/2-1/2"]
[WhiteElo "2595"]
[BlackElo "2205"]
[PlyCount "43"]
[EventDate "1983.09.03"]
[EventType "swiss"]
[EventCountry "ITA"]
[SourceDate "2005.09.12"]

1. d4 d5 2. c4 dxc4 3. Nf3 Nf6 4. Nc3 e6 5. e4 Bb4 6. Bg5 c5 7. e5 cxd4 8. a3
Ba5 9. exf6 dxc3 10. Qxd8+ Bxd8 11. fxg7 Rg8 12. bxc3 Bxg5 13. Nxg5 Rxg7 14.
Ne4 Ke7 15. Bxc4 b6 16. O-O Ba6 17. Bxa6 Nxa6 18. a4 Rc8 19. a5 Nc5 20. Nxc5
Rxc5 21. axb6 axb6 22. Rfb1 1/2-1/2

[Event "XXV Festival A"]
[Site "Imperia"]
[Date "1983.09.??"]
[Round "?"]
[White "Hort, Vlastimil"]
[Black "Bruno, Fabio"]
[Result "1-0"]
[WhiteElo "2595"]
[BlackElo "2325"]
[PlyCount "85"]
[EventDate "1983.09.03"]
[EventType "swiss"]
[EventCountry "ITA"]
[SourceDate "2005.09.12"]

1. d4 Nf6 2. Nc3 d5 3. Bg5 Nbd7 4. Nf3 e6 5. e3 Be7 6. Bd3 O-O 7. Ne2 b6 8. O-O
a5 9. Rc1 c5 10. c4 Bb7 11. Nc3 Ne4 12. Bxe7 Qxe7 13. cxd5 Nxc3 14. bxc3 exd5
15. Rb1 c4 16. Bf5 Ra6 17. Qa4 Nb8 18. Rfe1 g6 19. Bh3 Bc6 20. Qc2 b5 21. Ne5
b4 22. e4 dxe4 23. cxb4 axb4 24. Qxc4 Rd8 25. Nxc6 Rxc6 26. Qxb4 Qxb4 27. Rxb4
Rc2 28. d5 Na6 29. Rbxe4 Rxd5 30. g3 Nc5 31. R4e2 Rxe2 32. Rxe2 Rd1+ 33. Bf1
Ra1 34. Kg2 Kg7 35. Rc2 Ne4 36. Bb5 f5 37. h4 Kf6 38. Bc4 Ke5 39. f3 Nf6 40.
Bb3 Kd4 41. Rc6 Nh5 42. Rd6+ Ke3 43. Bc4 1-0

[Event "XXV Festival A"]
[Site "Imperia"]
[Date "1983.09.??"]
[Round "?"]
[White "Martorelli, Antonio"]
[Black "Albano, Marco"]
[Result "0-1"]
[WhiteElo "2265"]
[BlackElo "2205"]
[PlyCount "68"]
[EventDate "1983.09.03"]
[EventType "swiss"]
[EventCountry "ITA"]
[SourceDate "2005.09.12"]

1. e4 e5 2. Nf3 Nc6 3. Bb5 a6 4. Ba4 f5 5. d4 exd4 6. e5 Bc5 7. O-O Nge7 8. Bb3
d5 9. exd6 Qxd6 10. Re1 Bd7 11. Nbd2 O-O-O 12. Nc4 Qf6 13. Bg5 Qf8 14. Nce5 Be8
15. Nxc6 Bxc6 16. Ne5 Bd5 17. Qd3 c6 18. Bxd5 Rxd5 19. Qc4 Kc7 20. Nd3 Ng6 21.
Re6 Kb8 22. Rae1 Bd6 23. Bd2 Qd8 24. a4 Qc7 25. Nb4 Bxb4 26. Bxb4 Rhd8 27. Bc5
d3 28. cxd3 Ne5 29. Qc3 Nxd3 30. Be7 R8d7 31. Bg5 Nxe1 32. Re8+ Ka7 33. Rxe1 f4
34. Bh4 g5 0-1

[Event "XXV Festival A"]
[Site "Imperia"]
[Date "1983.09.??"]
[Round "?"]
[White "Vujovic, Milorad"]
[Black "Albano, Marco"]
[Result "0-1"]
[WhiteElo "2440"]
[BlackElo "2205"]
[PlyCount "72"]
[EventDate "1983.09.03"]
[EventType "swiss"]
[EventCountry "ITA"]
[SourceDate "2005.09.12"]

1. e4 e5 2. Nf3 Nc6 3. Bb5 a6 4. Ba4 f5 5. d4 exd4 6. exf5 Qe7+ 7. Kf1 b5 8.
Bb3 Qc5 9. Ng5 Nh6 10. Qh5+ Kd8 11. Nd2 Bb7 12. Nde4 Qe5 13. Bd2 Kc8 14. Re1
Qxf5 15. Ng3 Qc5 16. Qe8+ Nd8 17. Nf7 Nhxf7 18. Bxf7 Bc6 19. Qxd8+ Kb7 20. Qg5
Qxc2 21. b4 Bd6 22. Nf5 Rhf8 23. Nxd6+ cxd6 24. Bb3 Qd3+ 25. Re2 Rae8 26. Bd1
Rf5 27. Qg3 Rxe2 28. Qxd3 Rfxf2+ 29. Kg1 Rxg2+ 30. Kf1 Rgf2+ 31. Kg1 Rxd2 32.
Qb3 Bxh1 33. Bg4 Bc6 34. h3 Rg2+ 35. Kf1 Rh2 36. Bf3 Rdf2+ 0-1